000 00341nam a2200121Ia 4500
008 220217s9999||||xx |||||||||||||| ||und||
082 _a510 RAN
100 _aRanganath, G.K
245 0 _aText book of B.Sc. mathematics for third semister
260 _aS. Chand & company Ltd.
_bNew Delhi
_c2005
300 _b85
650 _aMATHEMATICS
999 _c173846
_d173846